Mr. Brown can moo! Can you? : (Record no. 488)
[ view plain ]
| 000 -LEADER | |
|---|---|
| fixed length control field | 00849cam a2200277 a 4500 |
| 005 - DATE AND TIME OF LATEST TRANSACTION | |
| control field | 20240523101044.0 |
| 020 ## - INTERNATIONAL STANDARD BOOK NUMBER | |
| International Standard Book Number | 0679882820 |
| 040 ## - CATALOGING SOURCE | |
| Original cataloging agency | DLC |
| Transcribing agency | DLC |
| Modifying agency | DLC |
| 050 00 - LIBRARY OF CONGRESS CALL NUMBER | |
| Classification number | PZ8.3.G276 |
| Item number | Mi 1996 |
| 082 00 - DEWEY DECIMAL CLASSIFICATION NUMBER | |
| Classification number | 813.54 |
| Edition number | 21 |
| 100 1# - MAIN ENTRY--PERSONAL NAME | |
| Personal name | Geisel, Theodor Seuss |
| Titles and words associated with a name | Doctor |
| 245 10 - TITLE STATEMENT | |
| Title | Mr. Brown can moo! Can you? : |
| Remainder of title | Dr. Seuss's book of wonderful noises / |
| 260 ## - PUBLICATION, DISTRIBUTION, ETC. | |
| Place of publication, distribution, etc. | New York : |
| Name of publisher, distributor, etc. | Random House, |
| Date of publication, distribution, etc. | 1996. |
| 300 ## - PHYSICAL DESCRIPTION | |
| Extent | 18 unnumbered pages : |
| Other physical details | color illustrations ; |
| Dimensions | 15 cm |
| 490 1# - SERIES STATEMENT | |
| Series statement | Bright and early board books |
| 500 ## - GENERAL NOTE | |
| General note | On board pages. |
| 505 ## - FORMATTED CONTENTS NOTE | |
| Formatted contents note | B |
| 520 ## - SUMMARY, ETC. | |
| Summary, etc. | Mr. Brown is an expert at imitating all sorts of noises. |
| 521 ## - TARGET AUDIENCE NOTE | |
| Target audience note | 100 <br/> |
| Source | Lexile NP |
| 521 ## - TARGET AUDIENCE NOTE | |
| Target audience note | B <br/> |
| Source | Raz-Plus |
| 650 #1 - SUBJECT ADDED ENTRY--TOPICAL TERM | |
| Topical term or geographic name entry element | Sound |
| General subdivision | Fiction. |
| 650 #1 - SUBJECT ADDED ENTRY--TOPICAL TERM | |
| Topical term or geographic name entry element | Stories in rhyme. |
| 906 ## - LOCAL DATA ELEMENT F, LDF (RLIN) | |
| a | 7 |
| b | cbc |
| c | orignew |
| d | 2 |
| e | opcn |
| f | 19 |
| g | y-gencatlg |
| 942 ## - ADDED ENTRY ELEMENTS (KOHA) | |
| Source of classification or shelving scheme | Library of Congress Classification |
| Koha item type | Books |
| Suppress in OPAC | No |
| 999 ## - | |
| -- | 488 |
| -- | 488 |
| Withdrawn status | Lost status | Source of classification or shelving scheme | Damaged status | Not for loan | Collection | Home library | Current library | Shelving location | Date acquired | Total Checkouts | Full call number | Barcode | Date last seen | Date last checked out | Price effective from | Koha item type |
|---|---|---|---|---|---|---|---|---|---|---|---|---|---|---|---|---|
| Dewey Decimal Classification | Juvenile Fiction | Footprints International School Library Network Toul Kork Campus | Footprints International School Library Network Toul Kork Campus | TK Primary Library Room(4th Floor), Bookcase 7, Shelves 57-60, Dark Green Books | 04/28/2023 | 2 | GEI 813.54 PZ8.G276 | FISTKKA003 | 09/04/2025 | 08/14/2025 | 04/28/2023 | Books |
